The doorbell rang

Guardado en:
Detalles Bibliográficos
Autor principal: Hutchins, Pat
Formato: Libro
Lenguaje:English
Publicado: Mulberry Book Books, 1986
Etiquetas: Agregar Etiqueta
Sin Etiquetas, Sea el primero en etiquetar este registro!
LEADER 00621cam a22001817a 4500
001 (Sirsi) a56894
005 20190330140851.0
008 141110n1986 xx |||||||||||000|0|eng|d
020 |a 9780688131012 
040 |a SMLIBRARY  |b eng  |c SMLIBRARY  |e AACR2 
100 1 |a Hutchins, Pat 
245 1 |a The doorbell rang 
260 |a Mulberry Book Books,   |c 1986 
903 |a SMLNEWITEM 
904 |a 1 
942 |2 ddc  |c JRBOOK 
952 |0 0  |1 0  |2 ddc  |4 0  |6 JP_HUT  |7 0  |8 JUNIOR | JFIC | BIGBOOK  |9 12533  |a SMLIBRARY  |b SMLIBRARY  |c JUNIOR  |d 2014-11-10  |g 81.58  |l 0  |o JP HUT  |p BK10044595F  |r 2019-03-30 00:00:00  |t 1  |v 81.58  |w 2019-06-25  |y SPECIAL 
999 |c 10695  |d 10695